000 00512nam a2200181Ia 4500
008 090201s9999 xx 000 0 und d
010 _aKPL-67513
040 _bमराठी
041 _aमराठी
082 _a44788
_b67513
100 _aसुशीला जोशी
245 _aअसंभव
_cसुशीला जोशी
250 _a1
260 _c2005
_bसोनाली प्रकाशन
300 _a199
_bमोठा
600 _aअसंभव
942 _cBOOK
999 _c241775
_d241775